| 000 | 00767nmc a2200253 a 4500 | ||
|---|---|---|---|
| 003 | AR-X00000XY | ||
| 005 | 20251128212020.0 | ||
| 008 | 127020s1967 ||||||||||||||000 | spa|| | ||
| 040 | _cAR-X00000XY | ||
| 100 | 1 | _aDarío, Rubén | |
| 245 | 1 | 0 | _aCantos de vida y esperanza |
| 260 |
_aBuenos Aires _bCentro Editor de América Latina _c1967 |
||
| 300 | 0 |
_a124 p. _bil. |
|
| 490 | 0 | _aMío Cid. Biblioteca fundamental de la lengua española | |
| 500 | 0 | _aCon anotaciones manuscritas de Alejandra Pizarnik | |
| 655 | _aLITERATURA | ||
| 700 | 1 |
_aGhiano, Juan Carlos _eprologuista |
|
| 700 | 1 |
_aLorenzo, Ana María _ecolaborador |
|
| 700 | 1 |
_aGuitelzon, Rebeca _eilustrador |
|
| 740 | 0 | _aLos cisnes | |
| 740 | 0 | _aOtros poemas | |
| 942 | _cBK | ||
| 998 | _cmartin | ||
| 999 |
_c22079 _d22079 |
||